| 000 | 00690nam a22002417a 4500 | ||
|---|---|---|---|
| 003 | DO-SdBNP | ||
| 005 | 20220412110156.0 | ||
| 007 | ta | ||
| 008 | 210531e2998 dr ||||gr|||| 00| 0 spa d | ||
| 040 |
_aDO-SdBNP _bspa _cBNPHU |
||
| 041 | _hspa | ||
| 082 | 4 |
_222 _a263.92 _b1998 |
|
| 100 | 1 |
_971234 _aPepén, Juan F. _d1920- 2007 _q (Juan Felix) |
|
| 245 | 1 | 3 |
_aLa palabra en cuaresma / _cJuan F. Pepén |
| 250 | _a2a. ed. | ||
| 260 |
_aSanto Domingo: _bEdiciones Peregrino, _c1998 |
||
| 300 |
_a206 p.; _c19 cm |
||
| 590 | _aInventariado, 2022/MFF | ||
| 650 | 4 |
_aCuaresma _981290 |
|
| 650 | 4 |
_aSermones de cuaresma _981378 |
|
| 910 | _aValidado. Control de calidad MFF | ||
| 942 |
_2ddc _cLBS1 |
||
| 999 |
_c49860 _d49860 |
||